00520nam a2200181Ia 4500008004100000020001800041082001300059100002300072245003100095250000600126260002900132300001700161500002400178650001900202942000700221952009300228999001700321230524s9999 xx 000 0 und d a9788131515969 a537bMIS aD.P. Mishra942881 0aEngineering Thermodynamics a2 aNew DelhibCengagec2012 a"XIII,505p:" aQuantity Number: 1 aThermodynamics cBK 00104070aTATCLbTATCLcGENd2023-05-24l0o537 MISp54145r2023-05-24w2023-05-24yBK c57853d57853